Paroles générique Les Chevaliers du Zodiaque - Bernard Minet - Statistiques

Statistiques générales
  • Ce quiz a été pris 176 fois
  • Le résultat moyen est 137 sur 198
Statistiques - réponses
Paroles % Correct
Chevaliers
98%
du
97%
le
95%
Les
95%
les
95%
Zodiaque
95%
la
92%
à
91%
de
90%
Des
88%
des
88%
toujours
87%
l'attaque
84%
héros
80%
en
79%
un
79%
c'est
78%
chanson
78%
vont
77%
s'en
73%
ils
72%
Ils
72%
bien
70%
haut
70%
une
70%
chantant
66%
mal
66%
l'univers
65%
pour
64%
coins
62%
guerre
62%
quatre
62%
partent
60%
contre
57%
monde
57%
quand
57%
forces
56%
idéal
56%
triomphe
56%
sont
55%
leur
52%
sans
52%
démoniaques
51%
vainqueurs
51%
au
49%
hésiter
49%
courage
48%
coeur
47%
fond
43%
combat
42%
et
38%
Et
38%
on
38%
ne
34%
gardent
30%
jamais
30%
tous
30%
prêts
29%
jour
28%
l'heure
27%
peur
27%
n'ont
26%
sonne
26%
personne
24%
rien
24%
victoire
24%
effraie
22%
enfin
20%
saints
20%
viendra
20%
chantera
19%
lorsque
19%
gloire
17%
royaume
17%
Aucun quiz correspondant
Distribution des résultats
% des personnes avec chaque résultat
Percentile par nombre de réponses
Votre historique - résultats
Vous n’avez pas pris ce quiz